<?xml version="1.0" encoding="UTF-8"?>
<record
    xmlns:xsi="http://www.w3.org/2001/XMLSchema-instance"
    xsi:schemaLocation="http://www.loc.gov/MARC21/slim http://www.loc.gov/standards/marcxml/schema/MARC21slim.xsd"
    xmlns="http://www.loc.gov/MARC21/slim">

  <leader>00513nam a2200193Ia 4500</leader>
  <controlfield tag="008">230125s9999    xx            000 0 und d</controlfield>
  <datafield tag="020" ind1=" " ind2=" ">
    <subfield code="a">81-7505-181-7</subfield>
  </datafield>
  <datafield tag="041" ind1=" " ind2=" ">
    <subfield code="a">eng</subfield>
  </datafield>
  <datafield tag="082" ind1=" " ind2=" ">
    <subfield code="a">823</subfield>
    <subfield code="b">VIV</subfield>
  </datafield>
  <datafield tag="100" ind1=" " ind2=" ">
    <subfield code="a">Vivekananda S</subfield>
    <subfield code="9">110883</subfield>
  </datafield>
  <datafield tag="245" ind1=" " ind2=" ">
    <subfield code="a">Lectures from Colombo to Almora</subfield>
  </datafield>
  <datafield tag="260" ind1=" " ind2=" ">
    <subfield code="c">2008</subfield>
    <subfield code="b">Advaita ashrama pub</subfield>
    <subfield code="a">Kolkata</subfield>
  </datafield>
  <datafield tag="300" ind1=" " ind2=" ">
    <subfield code="a">437p</subfield>
  </datafield>
  <datafield tag="500" ind1=" " ind2=" ">
    <subfield code="a">English Literature;Literature</subfield>
  </datafield>
  <datafield tag="650" ind1=" " ind2=" ">
    <subfield code="a">English Literature</subfield>
  </datafield>
  <datafield tag="700" ind1=" " ind2=" ">
    <subfield code="a">Vivekananda S</subfield>
    <subfield code="9">110883</subfield>
  </datafield>
  <datafield tag="906" ind1=" " ind2=" ">
    <subfield code="b">2</subfield>
  </datafield>
  <datafield tag="999" ind1=" " ind2=" ">
    <subfield code="c">87749</subfield>
    <subfield code="d">87749</subfield>
  </datafield>
  <datafield tag="952" ind1=" " ind2=" ">
    <subfield code="0">0</subfield>
    <subfield code="1">0</subfield>
    <subfield code="4">0</subfield>
    <subfield code="7">0</subfield>
    <subfield code="a">HIMR</subfield>
    <subfield code="b">HIMR</subfield>
    <subfield code="d">2010-02-17</subfield>
    <subfield code="e">Ramkrishna Math</subfield>
    <subfield code="g">40.00</subfield>
    <subfield code="i">CRB251</subfield>
    <subfield code="l">0</subfield>
    <subfield code="o">823 VIV B08404</subfield>
    <subfield code="p">HIMR-BK-8404</subfield>
    <subfield code="r">2023-01-25 00:00:00</subfield>
    <subfield code="v">38.00</subfield>
    <subfield code="w">2010-02-26</subfield>
    <subfield code="y">BK</subfield>
    <subfield code="z">B08404</subfield>
  </datafield>
  <datafield tag="952" ind1=" " ind2=" ">
    <subfield code="0">0</subfield>
    <subfield code="1">0</subfield>
    <subfield code="4">0</subfield>
    <subfield code="7">0</subfield>
    <subfield code="a">HIMR</subfield>
    <subfield code="b">HIMR</subfield>
    <subfield code="d">2010-02-17</subfield>
    <subfield code="e">Ramkrishna Math</subfield>
    <subfield code="g">40.00</subfield>
    <subfield code="i">CRB251</subfield>
    <subfield code="l">0</subfield>
    <subfield code="o">823 VIV B08412</subfield>
    <subfield code="p">HIMR-BK-8412</subfield>
    <subfield code="r">2023-01-25 00:00:00</subfield>
    <subfield code="v">32.00</subfield>
    <subfield code="w">2010-02-26</subfield>
    <subfield code="y">BK</subfield>
    <subfield code="z">B08412</subfield>
  </datafield>
</record>
